01011nam a22002777a 45000010005000000030006000050050017000110080041000280200017000690400029000860500018001150820012001331000027001452450059001722600031002313000047002625050007003095200141003165210027004575210018004846500028005027000037005309420015005679990015005829520136005978842FISKH20251022155958.0251022b cb ||||| |||| 00| 0 eng d a040296004719 aFISKHbengcFISKHdFISKH aQL666.L2 M358 a 597.95 aMatero, RoberteAuthor aLizards : bEyes on nature /cWritten by Robert Matero aChicago : bKidsbookc1997 a29 pages : bcolor illustrations ; c24 cm aG  aDescribes, in brief text and illustrations, the physical characteristics, habits, and natural environment of various species of lizards.8 a400 bLexile estimate 8 aG bRaz-Plus  aEyes on naturevAnimals aMakowski, Robin LeeeIllustrator 2ddccBKn0 c8842d8842 00102ddc4070a002b002cTTP Dark Blued2025-10-22l0oMAT 597.95 QL666.L2 M358pFIS01470r2025-10-22 15:59:54t1w2025-10-22yBK